000 01015cam a2200205 4500
001 WB3845-10
008 021203n2002 000 0 eng u
035 _a(Sirsi) u120647
245 _aInvestors hold little hope
260 _c2002
490 _aEstates Gazette
_v(0248) 30 November 2002, 42(1)
520 _aThe latest Investment Property Forum / Estates Gazette "Investment intentions survey" reveals that the 2003 total return prediction has dropped from 8.7% to 6.2%. The survey shows that capital and rental growth predictions have fallen for all sectors, with offices and business parks most affected. Tables. Investment intention surveysavailable from www.ipf.org.uk/web/research/marketdata.html
590 _aWB
650 _aPROPERTY INVESTMENT
650 _aESTATES GAZETTE
650 _aABOUT RICS-RELATED ORGANISATIONS-INVESTMENT PROPERTY FORUM
650 _aINVESTMENT INTENTIONS SURVEY
690 _aPROPERTY-COMMERCIAL PROPERTY-COMMERCIAL PROPERTY FINANCE AND INVESTMENT
942 _n0
999 _c71696
_d71696